Piłkarze Reprezentacji Gwinei Równikowej - nagła śmierć - Statystyki

Ogólne statystyki
  • Ten quiz został rozwiązany 6 razy
  • Średni wynik to 2 z 10
Answers on the Grid
Answers color-coded by a green-red scale on the quiz's grid according to % correct below.
Carlos Akapo
Emilio Nsue
Eric Bailly
Pedro Obiang
Saúl Coco
Randy Nteka
Gabadinho Mhango
Iván Salvador Edú
José Machín
Johann Obiang
Pablo Ganet
Jérémie Boga
Josete Miranda
Kenneth Omeruo
Iván Zarandona
Javier Balboa
 
Statystyki odpowiedzi
Odpowiedź % Poprawnych
Emilio Nsue
60%
Iván Salvador Edú
60%
Pedro Obiang
60%
Carlos Akapo
20%
Saúl Coco
20%
Iván Zarandona
0%
Javier Balboa
0%
José Machín
0%
Josete Miranda
0%
Pablo Ganet
0%
Nie znaleziono quizów pasujących do podanych kryteriów
Rozkład punktacji
Procent ludzi z każdym wynikiem
Percentyl według liczby udzielonych odpowiedzi
Twoja historia wyników
Nie rozwiązałeś tego quizu